| 000 | 00569nam a2200193 u 4500 | ||
|---|---|---|---|
| 005 | 20240806063802.0 | ||
| 008 | 100421s19992008 r 000 0 eng d | ||
| 020 | _a9681905091 (10 dígitos) | ||
| 020 | _a9789681905095 (13 dígitos) | ||
| 035 | _aUPN01000175457 | ||
| 049 | _aCG | ||
| 050 | 4 |
_aPQ7798.32 A4 _bC8.3 |
|
| 100 | 1 |
_aValenzuela, Luisa, _d1938- _934191 |
|
| 245 | 1 | 0 |
_aCuentos completos y uno más / _cLuisa Valenzuela. |
| 260 |
_aMéxico : _bAlfaguara, _c1999 (2008 impr.). |
||
| 300 | _a574 p. | ||
| 650 | 4 |
_aCuentos argentinos _912203 |
|
| 905 | _aLibro | ||
| 999 |
_c147561 _d147561 |
||